|
|
|
|
| LEADER |
01320nam a2200385 a 4500 |
| 001 |
000228043 |
| 003 |
CZ BrMZK |
| 005 |
20250815082946.0 |
| 007 |
ta |
| 008 |
960815s1997 xr cze d |
| 015 |
|
|
|a cnb000278272
|
| 020 |
|
|
|a 80-85965-10-0
|
| 035 |
|
|
|a (OCoLC)38296412
|
| 040 |
|
|
|a BOA001
|b cze
|
| 072 |
|
7 |
|a 122/129
|x Speciální metafyzika
|2 Konspekt
|9 5
|
| 080 |
|
|
|a 129
|2 MRF
|
| 080 |
|
|
|a 2-187.5
|2 MRF
|
| 080 |
|
|
|a 124.6
|2 MRF
|
| 080 |
|
|
|a 2-183.7
|2 MRF
|
| 080 |
|
|
|a (0.062)
|2 MRF
|
| 100 |
1 |
|
|a Kašparcová, Pavla
|7 jn20001227797
|4 aut
|
| 245 |
1 |
0 |
|a Osud nebo svobodná vůle :
|b zpracováno dle nauky duchovního učitele Emanuela /
|c Pavla Kašparcová
|
| 250 |
|
|
|a Vyd. 1.
|
| 260 |
|
|
|a Liberec :
|b Santal,
|c 1997
|
| 300 |
|
|
|a 110 s. ;
|c 21 cm
|
| 650 |
0 |
7 |
|a karma
|7 ph121478
|2 czenas
|
| 650 |
0 |
7 |
|a reinkarnace
|7 ph116033
|2 czenas
|
| 650 |
0 |
7 |
|a osud
|7 ph123857
|2 czenas
|
| 650 |
0 |
7 |
|a svobodná vůle
|7 ph126310
|2 czenas
|
| 655 |
|
7 |
|a populárně-naučné publikace
|7 fd131864
|2 czenas
|
| 910 |
|
|
|a BOA001
|b 2-1037.191
|b PK-0129.213
|
| 920 |
|
|
|a 000281082
|
| 990 |
|
|
|a BK
|
| 996 |
6 |
|
|b 2610058673
|c 2-1037.191
|l MZK
|r Sklad / do 1 hodiny
|n 18
|p p.v.
|w 000228043
|u 000010
|a 1
|e BOA001
|j MZK50
|s P
|
| 996 |
7 |
|
|b 3119010881
|c PK-0129.213
|l MZK
|r Sklad / do 1 hodiny
|n 12
|p kup
|w 000228043
|u 000020
|a 1
|e BOA001
|j MZK50
|s A
|